Chanakya / (Record no. 79588)

MARC details
000 -LEADER
fixed length control field 00852nam a22002657a 4500
005 - DATE AND TIME OF LATEST TRANSACTION
control field 20150916124230.0
010 ## - LCCN (DPL NO)
LC control number B-495470-473 ENG-113863
020 ## - INTERNATIONAL STANDARD BOOK NUMBER
International Standard Book Number 97893520248560
Terms of availability 600.00
035 ## - SYSTEM CONTROL NUMBER
System control number B-495470-473
035 ## - SYSTEM CONTROL NUMBER
System control number EN-97395
037 ## - SOURCE OF ACQUISITION
Source of stock number/acquisition HPH/Ven
Stock number dpl
037 ## - SOURCE OF ACQUISITION
Source of stock number/acquisition DBAD/PUB
082 ## - DEWEY DECIMAL CLASSIFICATION NUMBER
Classification number 921
245 ## - TITLE STATEMENT
Title Chanakya /
Statement of responsibility, etc edited by R.K.Singh [and] P.K. Choudhary
260 ## - PUBLICATION, DISTRIBUTION, ETC. (IMPRINT)
Place of publication, distribution, etc Mumbai
Name of publisher, distributor, etc Himalaya Books
Date of publication, distribution, etc 2011
270 ## - ADDRESS
Address Ramdoot Dr. Bhalerao Marg, Girgaon
City Mumbai
Postal code 400004
300 ## - PHYSICAL DESCRIPTION
Extent 246p.
Dimensions 23cm(Hb)
490 ## - SERIES STATEMENT
Series statement edited by M.H. Syed
500 ## - GENERAL NOTE
General note Includes bibliographical references and index
700 ## - ADDED ENTRY--PERSONAL NAME
Personal name R.K. Singh
700 ## - ADDED ENTRY--PERSONAL NAME
Personal name Choudhry, P.K.
700 ## - ADDED ENTRY--PERSONAL NAME
Personal name Syed,M.H.
942 ## - ADDED ENTRY ELEMENTS (KOHA)
Source of classification or shelving scheme Dewey Decimal Classification
Item type English Books
Call number suffix CHA
Classification part 921
Holdings
Withdrawn status Lost status Not for loan Collection code Home library Current library Date acquired Source of acquisition Cost, normal purchase price Full call number Barcode Copy number Cost, replacement price Koha item type
      Non-fiction Bawana Bawana 31/10/2013 HPH/A443489/09.03.2013/170/09.03.2013/15.03.2013 600.00 921 CHA B-495472 1 600.00 English Books
    Not For Loan Non-fiction D.B.Act.Division D.B.Act.Division 18/08/2015 DBAD/PUB 600.00 920 CHA EN-97395 1 600.00 English Books
      Non-fiction Janak Puri Janak Puri 31/10/2013 HPH/A443489/09.03.2013/170/09.03.2013/15.03.2013 600.00 921 CHA B-495471 1 600.00 English Books
      Non-fiction Narela Narela 31/10/2013 HPH/A443489/09.03.2013/170/09.03.2013/15.03.2013 600.00 921 CHA B-495473 1 600.00 English Books
  Written-off vide DLB M. No. 383 dt 16.05.19   Non-fiction Patel Nagar Patel Nagar 31/10/2013 HPH/A443489/09.03.2013/170/09.03.2013/15.03.2013 600.00 921 CHA B-495470 1 600.00 English Books

© Delhi Public Library
Hit Counter
free hit counter